| 000 | 01013cam a2200337Ia 4500 | ||
|---|---|---|---|
| 001 | 81803 | ||
| 005 | 20230411085653.0 | ||
| 008 | 990107s1999 caua 001 0 eng d | ||
| 035 | _a(OCoLC)ocm40585316 | ||
| 040 |
_aVJA _cVJA _dDPL _dBAKER _dYDXCP |
||
| 020 | _a0966562003 | ||
| 020 | _a9780966562002 | ||
| 029 | 1 |
_aNZ1 _b5318189 |
|
| 029 | 1 |
_aAU@ _b000020212032 |
|
| 035 | _a(OCoLC)40585316 | ||
| 050 | 1 | 4 |
_aT395 _b.H477w 1999 |
| 082 | 0 | 4 | _a394.6 |
| 049 | _aGRAL | ||
| 100 | 1 | _aHeller, Alfred. | |
| 245 | 1 | 0 |
_aWorld's fairs and the end of progress : _ban insider's view / Alfred Heller. |
| 260 |
_aCorte Madera, CA : _bWorld's Fair, Inc., _cc1999. |
||
| 300 |
_a259 p. : _bill. ; _c22 cm. |
||
| 504 | _aIncludes bibliographical references and index. | ||
| 650 | 0 | _aExhibitions. | |
| 650 | 0 | _aFairs. | |
| 938 |
_aBaker & Taylor _bBKTY _c24.95 _d18.71 _i0966562003 _n0003281772 _sactive |
||
| 938 |
_aYBP Library Services _bYANK _n1559503 |
||
| 942 |
_2lcc _cbk |
||
| 994 |
_aC0 _bDRFGD |
||
| 946 | _anc | ||
| 999 |
_c105650 _d105650 |
||